00493nam a2200193 a 4500001001300000003000900013005001700022008004100039020000900080082001600089100002200105245002500127260004100152300000900193500003500202505002400237650001600261700002200277nice12345678IN_TiNIC20260116012844.0050524s1981 hyda grp 000 0 urd  ac1200a891.41bMOH aMohsin, Jalgaonwi aIlfaaf, Sheri Majmua aHyderabadbIjaz Printing Pressc1981 a128p aincludes index and biblioraphy2 aBibliography, Index aUrdu-Poetry1 aMohsin, Jalgaonwi